Music Quiz

Random Music or Lyrics Quiz

Guess the Mcfly Lyrics 8 Quiz Stats

 Plays Quiz not verified by Sporcle

Challenge
Share
Tweet
Embed
Score 0/281 Timer 10:00
0 Plays Today
% Correct
I
96.3%
I
96.3%
I
96.3%
I
96.3%
I
96.3%
I
96.3%
I
96.3%
I
96.3%
I
96.3%
I
96.3%
I
96.3%
I
96.3%
I
96.3%
I
96.3%
the
95.6%
the
95.6%
the
95.6%
the
95.6%
the
95.6%
a
95.6%
the
95.6%
a
95.6%
a
95.6%
the
95.6%
a
95.6%
you
87.7%
you
87.7%
you
87.7%
You
87.7%
you
87.7%
you
87.7%
you
87.7%
you
87.7%
you
87.7%
you
87.7%
you
87.7%
you!
87.7%
you
87.7%
you
87.7%
you
87.7%
love
81.7%
love
81.7%
love
81.6%
me
75.9%
me
75.9%
me
75.9%
me
75.9%
me
75.9%
me
75.9%
me
75.9%
me
75.9%
me
75.9%
me
75.9%
me!
75.9%
in
68.7%
in
68.7%
in
68.6%
we
66.9%
to
66.6%
to
66.6%
to
66.6%
be
65.3%
be
65.3%
be
65.3%
be
65.3%
do!
63.2%
do!
63.2%
so
61.9%
So
61.9%
on
60.9%
with
60.6%
with
60.6%
with
60.6%
with
60.6%
with
60.6%
with
60.6%
with
60.6%
with
60.6%
with
60.6%
with
60.6%
with
60.6%
I'm
59.7%
I'm
59.7%
I'm
59.7%
Your
58.3%
your
58.3%
your
58.3%
your
58.3%
your
58.3%
your
58.3%
girl,
57.3%
Girl,
57.3%
Girl,
57.3%
that
56.8%
% Correct
that
56.8%
my
55.1%
my
55.1%
of
51.8%
of
51.8%
of
51.8%
know
50.6%
know
50.6%
are
50.5%
If
50.4%
you're
48.9%
you're
48.9%
now
48.7%
now
48.7%
now
48.7%
now
48.7%
now
48.7%
now
48.7%
now
48.7%
now
48.7%
now
48.7%
now
48.7%
now
48.6%
we're
48%
want
48%
were
48%
think
45.7%
think
45.7%
wanna
44.1%
wanna
44.1%
wanna
44.1%
wanna
44.1%
wanna
44.1%
wanna
44.1%
wanna
44.1%
then
43%
not
42.6%
get
42%
get
42%
get
42%
get
42%
get
42%
get
42%
Please,
41.3%
Please,
41.3%
Please!
41.3%
Please,
41.3%
please,
41.3%
please!
41.3%
Please,
41.3%
please,
41.3%
please!
41.3%
Please,
41.3%
please,
41.3%
please!
41.3%
Please,
41.3%
please,
41.3%
please!
41.3%
Please,
41.3%
please,
41.3%
please!
41.3%
Please,
41.3%
please,
41.3%
please!
41.3%
Please,
41.3%
please,
41.3%
please!
41.3%
Please,
41.3%
please,
41.3%
please!
41.3%
Please,
41.3%
please,
41.3%
please!
41.3%
Please,
41.3%
please,
41.3%
please!
41.3%
Please,
41.3%
please,
41.3%
please!
41.3%
Please,
41.3%
please,
41.3%
please!
41.3%
Please,
41.3%
please,
41.3%
please!
41.3%
Please,
41.3%
please,
41.3%
please!
41.3%
Please,
41.3%
please,
41.3%
please!
41.3%
Please,
41.3%
please,
41.3%
Please,
41.3%
% Correct
please,
41.3%
Please,
41.3%
please,
41.3%
please,
41.3%
please
41.3%
don't
40.2%
come
40.1%
C-c-c-c'mon
40.1%
C-c-c-c'mon
40.1%
C-c-c-c'mon
40.1%
C-c-c-c'mon
40.1%
C-c-c-c'mon
40.1%
from
39.1%
would
39.1%
Yeah
38.8%
Yeah,
38.8%
eyes
38.6%
Oh!
38.2%
off
37.8%
off
37.8%
got
37.7%
got
37.7%
Let
37.2%
alone
36.7%
hair
36.5%
hair
36.5%
like
36.2%
Oh,
35.7%
Oh,
35.7%
Easy
35.4%
hand
35.3%
put
34.3%
M-m-m-must
34.3%
M-m-m-must
34.3%
M-m-m-must
34.3%
turn
34%
clothes
33.7%
Lindsay
33.6%
Lindsay
33.6%
Lindsay
33.6%
Lindsay
33.6%
Lindsay
33.6%
Lindsay
33.6%
Lindsay!
33.6%
Lindsay!
33.6%
motion
33.3%
ocean
33.3%
phone
33%
above
31.7%
skin
31.6%
Let's
31.2%
dreamer
31.2%
dreamer
31.2%
dreamer
31.2%
fun
31%
Sun
31%
Underneath
30.6%
Set
30.5%
green
30.3%
colour
30.2%
begin
30%
Red
30%
more
29.9%
than
29.9%
out
29.8%
shoes
28.9%
taking
28.9%
higher
28.6%
believe
28.6%
hands
28.5%
scene
28.1%
fire
28.1%
room
27.4%
run
27.2%
god
26.7%
what's
26.5%
through
26.5%
sure
26.4%
kick
26.1%
thinking
26%
thinking
26%
care
25.7%
yourself
25.4%
happening
25.1%
underwear
23%
England
22.1%
England
22.1%
sets
22%
talking
21.6%
knew
20.7%
thought
18.6%
Cover
17.5%
making
16.6%

You're not logged in!

Compare scores with friends on all Sporcle quizzes.
Join for Free
OR
Log In

You Might Also Like...

Show Comments

Extras

Created Dec 20, 2012ReportNominate
Tags:Lyrics Quiz, mcfly

Top Quizzes Today


Score Distribution

Your Account Isn't Verified!

In order to create a playlist on Sporcle, you need to verify the email address you used during registration. Go to your Sporcle Settings to finish the process.

Report this User

Report this user for behavior that violates our Community Guidelines.

Details: